[Event "Speed Chess Championship 2020"]
[Site "Online"]
[Date "2020.11.12"]
[Round "1.19"]
[White "Nakamura, Hikaru"]
[Black "Martirosyan, Haik M."]
[Result "0-1"]
[WhiteElo "2736"]
[BlackElo "2622"]
[Annotator "ChessBase"]
[PlyCount "118"]
[EventDate "2020.10.31"]
[EventType "k.o."]
[SourceTitle "playchess.com"]
[Source "ChessBase"]
[SourceQuality "1"]
[TimeControl "60+1"]

1. e4 {[%emt 0:00:01]} e5 {[%emt 0:00:01]} 2. Nf3 {[%emt 0:00:00]} Nc6 {[%emt 0:00:00]} 3. Bb5 {[%emt 0:00:00]} Nf6 {[%emt 0:00:01]} 4. d3 {[%emt 0:00:01]} Bc5 {[%emt 0:00:00]} 5. Bxc6 {[%emt 0:00:01]} dxc6 {[%emt 0:00:00]} 6. Nbd2 {[%emt 0:00:01]} Be6 {[%emt 0:00:01]} 7. Nb3 {[%emt 0:00:01]} Bd6 {[%emt 0:00:03]} 8. Na5 {[%emt 0:00:02]} Rb8 {[%emt 0:00:01]} 9. O-O {[%emt 0:00:01]} O-O {[%emt 0:00:01]} 10. Be3 {[%emt 0:00:00]} c5 {[%emt 0:00:08]} 11. h3 {[%emt 0:00:08]} Qd7 {[%emt 0:00:10]} 12. Nd2 {[%emt 0:00:05]} b6 {[%emt 0:00:02]} 13. Nac4 {[%emt 0:00:01]} Qe7 {[%emt 0:00:08]} 14. f4 {[%emt 0:00:05]} exf4 {[%emt 0:00:00]} 15. Bxf4 {[%emt 0:00:00]} Bxf4 {[%emt 0:00:01]} 16. Rxf4 {[%emt 0:00:00]} Nd7 {[%emt 0:00:00]} 17. Qh5 {[%emt 0:00:05]} f6 {[%emt 0:00:05]} 18. Raf1 {[%emt 0:00:01]} b5 {[%emt 0:00:01]} 19. Ne3 {[%emt 0:00:03]} Ne5 {[%emt 0:00:01]} 20. Rh4 {[%emt 0:00:06]} g5 {[%emt 0:00:02]} 21. Rg4 {[%emt 0:00:06]} Bf7 {[%emt 0:00:08]} 22. Qh6 {[%emt 0:00:05]} Bg6 {[%emt 0:00:01]} 23. Rg3 {[%emt 0:00:04]} Nf7 {[%emt 0:00:02]} 24. Nd5 {[%emt 0:00:02]} Qd6 {[%emt 0:00:04]} 25. Rxf6 {[%emt 0:00:04]} Nxh6 {[%emt 0:00:04]} 26. Rxd6 {[%emt 0:00:01]} cxd6 {[%emt 0:00:00]} 27. Rxg5 {[%emt 0:00:00]} Nf7 {[%emt 0:00:01]} 28. Rg3 {[%emt 0:00:01]} b4 {[%emt 0:00:03]} 29. Nc4 {[%emt 0:00:02]} Kh8 {[%emt 0:00:01]} 30. Nf4 {[%emt 0:00:02]} Ne5 {[%emt 0:00:02]} 31. Nxg6+ {[%emt 0:00:03]} hxg6 {[%emt 0:00:00]} 32. Nxd6 {[%emt 0:00:01]} Rfd8 {[%emt 0:00:03]} 33. Rg5 {[%emt 0:00:01]} Rxd6 {[%emt 0:00:02]} 34. Rxe5 {[%emt 0:00:00]} c4 {[%emt 0:00:00]} 35. dxc4 {[%emt 0:00:01]} Rd2 {[%emt 0:00:01]} 36. b3 {[%emt 0:00:01]} Rxc2 {[%emt 0:00:00]} 37. Rg5 {[%emt 0:00:01]} Kh7 {[%emt 0:00:02]} 38. h4 {[%emt 0:00:01]} Rd8 {[%emt 0:00:01]} 39. e5 {[%emt 0:00:02]} Rxa2 {[%emt 0:00:01]} 40. e6 {[%emt 0:00:00]} Re2 {[%emt 0:00:01]} 41. Ra5 {[%emt 0:00:01]} Rdd2 {[%emt 0:00:01]} 42. Rg5 {[%emt 0:00:01]} Rxe6 {[%emt 0:00:01]} 43. c5 {[%emt 0:00:07]} a5 {[%emt 0:00:03]} 44. Rg4 {[%emt 0:00:01]} a4 {[%emt 0:00:01]} 45. bxa4 {[%emt 0:00:01]} b3 {[%emt 0:00:00]} 46. a5 {[%emt 0:00:02]} b2 {[%emt 0:00:01]} 47. Rb4 {[%emt 0:00:00]} Re1+ {[%emt 0:00:01]} 48. Kh2 {[%emt 0:00:07]} b1=Q {[%emt 0:00:00]} 49. Rxb1 {[%emt 0:00:07]} Rxb1 {[%emt 0:00:00]} 50. a6 {[%emt 0:00:00]} Ra1 {[%emt 0:00:01]} 51. c6 {[%emt 0:00:00]} Rc2 {[%emt 0:00:00]} 52. c7 {[%emt 0:00:00]} Rxc7 {[%emt 0:00:01]} 53. a7 {[%emt 0:00:05]} Raxa7 {[%emt 0:00:00]} 54. h5 {[%emt 0:00:00]} gxh5 {[%emt 0:00:01]} 55. Kh3 {[%emt 0:00:00]} Rc4 {[%emt 0:00:01]} 56. g3 {[%emt 0:00:01]} Ra3 {[%emt 0:00:00]} 57. Kh2 {[%emt 0:00:00]} Rcc3 {[%emt 0:00:01]} 58. Kh3 {[%emt 0:00:00]} Rxg3+ {[%emt 0:00:01]} 59. Kh4 {[%emt 0:00:00]} Rg1 {[%emt 0:00:03]} 0-1

[Event "Speed Chess Championship 2020"]
[Site "Online"]
[Date "2020.11.16"]
[Round "1.19"]
[White "Artemiev, Vladislav"]
[Black "Giri, Anish"]
[Result "1/2-1/2"]
[WhiteElo "2708"]
[BlackElo "2764"]
[Annotator "ChessBase"]
[PlyCount "48"]
[EventDate "2020.10.31"]
[EventType "k.o."]
[EventCountry "NET"]
[SourceTitle "playchess.com"]
[Source "ChessBase"]
[SourceQuality "1"]
[TimeControl "60+1"]

1. b3 {[%emt 0:00:01]} d5 {[%emt 0:00:01]} 2. Bb2 {[%emt 0:00:00]} Bf5 {[%emt 0:00:00]} 3. e3 {[%emt 0:00:01]} e6 {[%emt 0:00:02]} 4. Nf3 {[%emt 0:00:00]} Nf6 {[%emt 0:00:01]} 5. h3 {[%emt 0:00:01]} h6 {[%emt 0:00:00]} 6. d3 {[%emt 0:00:01]} a5 {[%emt 0:00:02]} 7. a3 {[%emt 0:00:01]} Nbd7 {[%emt 0:00:01]} 8. Nbd2 {[%emt 0:00:01]} Bh7 {[%emt 0:00:01]} 9. g3 {[%emt 0:00:03]} Bd6 {[%emt 0:00:02]} 10. Bg2 {[%emt 0:00:00]} O-O {[%emt 0:00:00]} 11. O-O {[%emt 0:00:01]} c6 {[%emt 0:00:01]} 12. Qe2 {[%emt 0:00:00]} Qe7 {[%emt 0:00:01]} 13. e4 {[%emt 0:00:01]} dxe4 {[%emt 0:00:02]} 14. dxe4 {[%emt 0:00:00]} e5 {[%emt 0:00:00]} 15. Nh4 {[%emt 0:00:01]} Rfd8 {[%emt 0:00:01]} 16. Nf5 {[%emt 0:00:02]} Bxf5 {[%emt 0:00:01]} 17. exf5 {[%emt 0:00:00]} Re8 {[%emt 0:00:01]} 18. Rfe1 {[%emt 0:00:02]} Bc7 {[%emt 0:00:01]} 19. Rad1 {[%emt 0:00:04]} Rad8 {[%emt 0:00:01]} 20. h4 {[%emt 0:00:02]} Qc5 {[%emt 0:00:03]} 21. Qc4 {[%emt 0:00:09]} Qa7 {[%emt 0:00:03]} 22. Qe2 {[%emt 0:00:07]} Qc5 {[%emt 0:00:01]} 23. Qc4 {[%emt 0:00:01]} Qa7 {[%emt 0:00:00]} 24. Qe2 {[%emt 0:00:01]} Qc5 {[%emt 0:00:01]} 1/2-1/2

[Event "Speed Chess Championship 2020"]
[Site "Online"]
[Date "2020.11.15"]
[Round "1.20"]
[White "Caruana, Fabiano"]
[Black "Duda, Jan-Krzysztof"]
[Result "0-1"]
[WhiteElo "2823"]
[BlackElo "2743"]
[Annotator "RC"]
[PlyCount "102"]
[EventDate "2020.10.31"]
[EventType "k.o."]
[EventCountry "NET"]
[SourceTitle "playchess.com"]
[Source "ChessBase"]
[SourceQuality "1"]
[TimeControl "60+1"]

1. d4 {[%emt 0:00:01]} Nf6 {[%emt 0:00:01]} 2. Nf3 {[%emt 0:00:00]} e6 {[%emt 0:00:00]} 3. g3 {[%emt 0:00:00]} d5 {[%emt 0:00:01]} 4. Bg2 {[%emt 0:00:00]} b5 {[%emt 0:00:01]} 5. O-O {[%emt 0:00:01]} Bb7 {[%emt 0:00:00]} 6. c3 {[%emt 0:00:01]} Be7 {[%emt 0:00:01]} 7. a4 {[%emt 0:00:01]} a6 {[%emt 0:00:01]} 8. Re1 {[%emt 0:00:02]} O-O {[%emt 0:00:01]} 9. Bf4 {[%emt 0:00:00]} Nbd7 {[%emt 0:00:01]} 10. Nbd2 {[%emt 0:00:01]} c5 {[%emt 0:00:00]} 11. Ne5 {[%emt 0:00:00]} cxd4 {[%emt 0:00:02]} 12. cxd4 {[%emt 0:00:02]} Nxe5 {[%emt 0:00:01]} 13. Bxe5 {[%emt 0:00:03]} Nd7 {[%emt 0:00:00]} 14. Bf4 {[%emt 0:00:01]} Qb6 {[%emt 0:00:01]} 15. axb5 {[%emt 0:00:01]} axb5 {[%emt 0:00:04]} 16. Rxa8 {[%emt 0:00:02]} Rxa8 {[%emt 0:00:00]} 17. Nb3 {[%emt 0:00:01]} b4 {[%emt 0:00:03]} 18. Qd2 {[%emt 0:00:02]} Rc8 {[%emt 0:00:05]} 19. Rc1 {[%emt 0:00:02]} Rxc1+ {[%emt 0:00:03]} 20. Qxc1 {[%emt 0:00:00]} Qc6 {[%emt 0:00:00]} 21. Qxc6 {[%emt 0:00:02]} Bxc6 {[%emt 0:00:00]} 22. Na5 {[%emt 0:00:01]} Bb5 {[%emt 0:00:01]} 23. e3 {[%emt 0:00:03]} g5 {[%emt 0:00:02]} 24. Bc7 {[%emt 0:00:01]} g4 {[%emt 0:00:03]} 25. Bf1 {[%emt 0:00:01]} Bxf1 {[%emt 0:00:01]} 26. Kxf1 {[%emt 0:00:00]} Nf6 {[%emt 0:00:01]} 27. Nc6 {[%emt 0:00:01]} Bf8 {[%emt 0:00:00]} 28. b3 {[%emt 0:00:05]} Ne4 {[%emt 0:00:01]} 29. Ke2 {[%emt 0:00:01]} Nc3+ {[%emt 0:00:06]} 30. Ke1 {[%emt 0:00:01]} h5 {[%emt 0:00:01]} 31. Ba5 {[%emt 0:00:01]} Na2 {[%emt 0:00:02]} 32. Kd2 {[%emt 0:00:01]} Kg7 {[%emt 0:00:01]} 33. Ne5 {[%emt 0:00:02]} Bd6 {[%emt 0:00:03]} 34. Nd3 {[%emt 0:00:06]} Kf6 {[%emt 0:00:01]} 35. Ke2 {[%emt 0:00:02]} Kf5 {[%emt 0:00:01]} 36. f3 {[%emt 0:00:01]} f6 {[%emt 0:00:01]} 37. Kf2 {[%emt 0:00:06]} e5 {[%emt 0:00:01]} 38. dxe5 {[%emt 0:00:02]} fxe5 {[%emt 0:00:00]} 39. Ne1 {[%emt 0:00:07]} Nc1 {[%emt 0:00:03]} 40. Nc2 {[%emt 0:00:02]} Bc5 {[%emt 0:00:04]} 41. Kg2 {[%emt 0:00:09]} Nd3 {[%emt 0:00:01]} 42. fxg4+ {[%emt 0:00:03]} hxg4 {[%emt 0:00:00]} 43. Kf1 {[%emt 0:00:02]} Ke4 {[%emt 0:00:04]} 44. Ke2 {[%emt 0:00:01]} Nc1+ {[%emt 0:00:10]} 45. Kd1 {[%emt 0:00:01]} Na2 {[%emt 0:00:01]} 46. Kd2 {[%emt 0:00:02]} Be7 {[%emt 0:00:03]} 47. Bc7 {[%emt 0:00:03]} Bg5 {[%emt 0:00:03]} 48. Bd6 {[%emt 0:00:02]} d4 {[%emt 0:00:01]} 49. Bxb4 {[%emt 0:00:06]} Bxe3+ {[%emt 0:00:06]} 50. Kd1 {[%emt 0:00:01]} Nxb4 {[%emt 0:00:05]} 51. Nxb4 {[%emt 0:00:00]} Bg1 {[%emt 0:00:01]} 0-1

[Event "Speed Chess Championship 2020"]
[Site "Online"]
[Date "2020.11.11"]
[Round "1.20"]
[White "Aronian, Levon"]
[Black "Nepomniachtchi, Ian"]
[Result "1-0"]
[WhiteElo "2781"]
[BlackElo "2784"]
[Annotator "TA"]
[PlyCount "163"]
[EventDate "2020.10.31"]
[EventType "k.o."]
[SourceTitle "playchess.com"]
[Source "ChessBase"]
[SourceQuality "1"]

{[%evp 11,162,-6,6,-17,-12,-12,-8,-21,-2,-13,0,0,0,0,0,0,0,0,4,-22,0,14,0,-9,-7,-156,0,-11,0,0,27,29,106,94,107,109,133,149,145,152,143,141,157,152,171,128,108,120,172,166,151,152,146,123,294,302,277,286,275,231,368,69,95,95,217,0,0,0,90,0,196,0,0,-8,0,-22,-8,-80,-70,-122,-104,-101,-93,-135,-119,-151,-46,-84,-34,-29,0,-72,-20,-33,-8,-8,-8,-8,0,0,0,0,5,3,8,8,8,0,0,0,16,8,350,350,499,499,499,493,1746,1477,29978,29979,29980,29981,29981,29982,29982,29983,29983,29984,29984,29985,29985,29986,29986,29984,29984,29983,29983,29984,29987,29988,29988,29989,29989,29990,29995,29992,29995,29993,29998,29999,29999]} 1. e4 c5 2. Nf3 d6 3. c3 Nf6 4. Be2 g6 5. O-O Bg7 6. d3 O-O 7. Be3 {B50: Sicilian: 2...d6, Miscellaneous.} Nc6 8. Nbd2 e5 9. a3 {[#] The position is equal.} Ne8 $146 ({Predecessor:} 9... a5 10. b3 Re8 11. Rb1 b6 12. b4 axb4 13. axb4 cxb4 14. cxb4 d5 15. Qc2 Bb7 {½-½ (22) Haeckler,D (2074)-Pannek,M (1957) Germany 2013}) 10. b4 f5 {And now ...f4 would win.} 11. exf5 (11. bxc5 $2 f4 $19) 11... gxf5 12. Bg5 (12. bxc5 $2 f4 $19) 12... Nf6 13. bxc5 dxc5 14. Re1 Qc7 15. Bf1 Bd7 16. Nc4 {[%cal Rf3e5]} Rae8 17. g3 Nd5 18. Qc2 (18. Rc1 $11) 18... h6 (18... e4 $1 $17 {[%cal Re4f3]} 19. dxe4 fxe4 20. Rxe4 Bf5 {[%mdl 64] Skewer}) 19. Bd2 $1 $11 f4 20. Bg2 b5 21. Nfxe5 $1 f3 (21... Nxe5 $11 {remains equal.} 22. Bxd5+ Kh8 23. Nxe5 (23. gxf4 Ng6 $17) 23... Bxe5) 22. Bxf3 $16 Rxf3 23. Nxf3 {Ne3 is the strong threat.} bxc4 24. dxc4 Nf6 25. Bf4 ({But not} 25. Qg6 Ne7 $16) 25... Qc8 26. Rxe8+ ({Don't blunder} 26. Qg6 $2 Rxe1+ 27. Rxe1 Bf5 $19) 26... Qxe8 27. Re1 Qf7 28. Ne5 Nxe5 29. Bxe5 Bc6 {[#]} (29... Qh5 $16) 30. Qf5 $1 $18 {[%cal Rf5c8] Strongly threatening Qc8+.} Bd7 31. Qf4 Qg6 32. Bxf6 Bxf6 $2 (32... Qxf6 $16 33. Qe4 Bc6 34. Qe6+ Qxe6 35. Rxe6 Bf3) 33. Qb8+ Kf7 34. Qxa7 {[%mdl 64] Double Attack} Qf5 35. Rd1 Ke7 (35... Ke8 $142 36. Qb8+ Ke7) 36. Qc7 $2 (36. h3 $18) 36... Bxc3 $14 37. Qd6+ {[%mdl 64] Double Attack} Kd8 {[#]} (37... Ke8 $16 {keeps fighting.}) 38. Qb8+ $2 (38. Qb6+ $1 $18 Ke7 39. Rd5 {[%mdl 64] Double Attack} (39. Qxh6 Bd4 $16)) 38... Ke7 $11 39. Qd6+ Ke8 (39... Kd8 $11) 40. Qb8+ (40. Qxh6 $16 {Black must now prevent Qe3+.} Bd4 41. Re1+ Kf7 42. Qd2) 40... Kf7 $2 (40... Ke7 $11 {and Black is okay.}) 41. Qf4 $2 ({White has to play} 41. Rd5 $18 Qe6 42. Qf4+ Ke8 43. Rxc5) 41... Qxf4 42. gxf4 Bd4 43. Kg2 Be6 44. Rc1 (44. a4 $11) 44... Bb2 $17 45. Rc2 (45. Rb1 $15 Bxa3 46. Kf3) 45... Bxa3 46. Kf3 Kf6 {[%mdl 1024] Black has strong compensation.} 47. Ke3 Bb4 48. Rc1 Ba5 (48... Kf5 $17 49. Rc2 Ba5) 49. Kd3 Bf5+ 50. Ke3 Be6 51. Kd3 Bc7 (51... Kf5 $17 52. Ra1 Bb4) 52. Ke4 Bf5+ 53. Kd5 Bxf4 54. Rh1 h5 55. h4 Bg4 {Threatens to win with ...Bf3+.} 56. Kxc5 Bf3 57. Rh3 Bg2 58. Rd3 {aiming for Kb6.} Kf5 59. Kb6 Bf1 60. Rd5+ Kg4 61. c5 {Cut Off at move 61} Bg2 $2 {[%mdl 8192] White stays focused until the end.} (61... Kxh4 $11 62. c6 Kg4) 62. Rd4 $18 Kf5 (62... Bh3 $142 63. c6 Kf3 64. Rd3+ Kg2) 63. c6 Be5 64. Rd8 Kg4 (64... Bh3 $142 65. c7 Ke4) 65. Rg8+ Kh3 66. c7 {White mates.} Bxc7+ 67. Kxc7 {[%mdl 4096] Endgame KR-KB} Bf1 68. f4 Bd3 69. Kd6 Kxh4 70. Ke5 Kh3 71. f5 h4 72. f6 Bc4 73. Rc8 Ba2 74. Kf4 Be6 75. Rc6 Bg8 76. Rc7 Kh2 77. f7 Bxf7 78. Rxf7 h3 79. Rg7 Kh1 80. Kg3 h2 81. Ra7 {[%cal Ra7a1]} Kg1 82. Ra1# {Weighted Error Value: White=0.34/Black=0.35} 1-0

[Event "Speed Chess Championship 2020"]
[Site "Online"]
[Date "2020.11.16"]
[Round "1.20"]
[White "Giri, Anish"]
[Black "Artemiev, Vladislav"]
[Result "1/2-1/2"]
[WhiteElo "2764"]
[BlackElo "2708"]
[Annotator "TA"]
[PlyCount "86"]
[EventDate "2020.10.31"]
[EventType "k.o."]
[EventCountry "NET"]
[SourceTitle "playchess.com"]
[Source "ChessBase"]
[SourceQuality "1"]

{[%evp 10,86,52,45,49,53,47,46,41,29,38,43,81,62,74,61,67,77,100,77,60,43,43,40,44,44,47,22,29,15,14,22,44,37,40,46,68,43,25,32,45,14,14,15,16,9,12,0,0,0,0,0,14,8,16,19,18,16,13,8,8,8,8,0,0,0,0,0,0,0,0,0,0,0,0,0,0,0,0]} 1. e4 c5 2. Nf3 a6 3. c4 Nc6 4. d4 cxd4 5. Nxd4 e5 6. Nf5 d6 {B28: Sicilian: 2 Nf3 a6 (O'Kelly Variation).} 7. Ne3 g6 8. Nc3 Bh6 {[#] White is slightly better. is now debated instead of 8...Bg7.} 9. Nc2 $146 ({Predecessor:} 9. Bd3 Nge7 10. h4 Kf8 11. h5 Kg7 12. Bd2 Nd4 13. Nc2 Bxd2+ 14. Qxd2 Nec6 15. O-O-O {½-½ (58) So,W (2767)-Artemiev,V (2746) chess.com INT 2019}) 9... Bxc1 10. Rxc1 Nge7 11. Be2 O-O 12. O-O Be6 13. Qd2 Qd7 14. Rcd1 Rad8 15. b3 f5 16. exf5 Nxf5 17. Bd3 Nfd4 18. Be4 Nxc2 19. Qxc2 Nd4 20. Qd3 Bg4 21. f3 Bf5 22. Ne2 Ne6 23. Qe3 Bxe4 24. Qxe4 Qc6 25. Qe3 b5 {The position is equal.} 26. Rc1 Qc5 27. Qxc5 dxc5 28. Rfd1 bxc4 29. bxc4 Rxd1+ 30. Rxd1 $11 {[%mdl 4096] Endgame KRN-KRN} Nd4 31. Nc3 Rb8 32. Ne4 Rb4 33. Nxc5 Rxc4 34. Nxa6 Ra4 35. Nc5 Rxa2 36. Nd3 Ne2+ 37. Kf1 Nf4 38. Nxf4 exf4 {KR-KR} 39. Rd4 Ra1+ 40. Kf2 Ra2+ 41. Kf1 Ra1+ 42. Ke2 Ra2+ 43. Rd2 Ra3 {Weighted Error Value: White=0.06/Black=0.04} 1/2-1/2

[Event "Speed Chess Championship 2020"]
[Site "Online"]
[Date "2020.11.04"]
[Round "1.20"]
[White "Fedoseev, Vladimir"]
[Black "Firouzja, Alireza"]
[Result "1-0"]
[WhiteElo "2676"]
[BlackElo "2749"]
[Annotator "TA"]
[PlyCount "61"]
[EventDate "2020.10.31"]
[EventType "k.o."]
[SourceTitle "playchess.com"]
[Source "ChessBase"]
[SourceQuality "1"]

{[%evp 18,61,-10,-17,4,0,0,0,0,-5,0,0,21,-39,24,14,45,4,95,75,174,176,194,196,195,163,156,146,129,6,172,172,216,222,204,189,425,418,820,794,937,915,961,925,1010,991]} 1. e4 c5 2. Nf3 d6 3. d4 cxd4 4. Nxd4 Nf6 5. Nc3 a6 6. f4 e5 7. Nb3 Nbd7 8. Bd3 Be7 9. O-O O-O 10. a4 b6 {[#] B93: Sicilian Najdorf: 6 f4.} 11. fxe5 $146 ({Predecessor:} 11. Qf3 Bb7 12. Be3 Qc7 13. Rad1 Rac8 14. Qh3 Rfe8 15. Nd5 Bxd5 16. exd5 a5 17. c4 Bf8 18. g4 {1-0 (35) Matthaei,A (2347)-Koscielski,J (2327) Datteln 2002}) 11... dxe5 12. Be3 Bb7 {The position is equal.} 13. Qf3 Rc8 14. Rad1 Re8 15. Qh3 {[#]} ({White should try} 15. g4 $11 h6 16. h4) 15... Qc7 (15... Ba3 $1 $15 {[%mdl 512]}) 16. Nd5 $36 {[%mdl 2048] White fights for an advantage.} Qb8 17. c4 (17. Nd2 {keeps more tension.} b5 18. axb5 axb5 19. Kh1 b4 20. Bg5) 17... Bxd5 (17... Bc6 $11 {remains equal.}) 18. cxd5 $16 Nc5 (18... Qb7 $16) 19. Nxc5 $18 Bxc5 20. Bxa6 Bxe3+ 21. Qxe3 Rc2 22. Bb5 Rd8 23. Bc6 (23. Qa3 $16) 23... Rxb2 $2 {[#] Now Black is done in.} (23... Rc4 $1 $11 {and Black has nothing to worry.}) 24. Rb1 $1 {[%cal Rb1b2]} Rxb1 25. Rxb1 {Strongly threatening a5.} Qd6 26. h3 ({Don't do} 26. Rxb6 $6 Nxe4 27. h3 Nf6 $16) 26... g6 $2 (26... Rb8 {keeps fighting.} 27. Rxb6 Rxb6 28. Qxb6 Nxe4) 27. Rxb6 Nh5 (27... Nxe4 $142 28. Rb5 Nf6) 28. a5 {[%cal Ba4a5,Ba5a6][%mdl 32] White is clearly winning.} Nf4 29. a6 Qe7 30. Rb2 Qg5 31. Kh2 {Av CentiPawn Loss W=-20/B=-67. Weighted=-18/-80} 1-0

[Event "Speed Chess Championship 2020"]
[Site "Online"]
[Date "2020.11.04"]
[Round "1.20"]
[White "Maghsoodloo, Parham"]
[Black "Carlsen, Magnus"]
[Result "0-1"]
[WhiteElo "2676"]
[BlackElo "2862"]
[Annotator "TA"]
[PlyCount "60"]
[EventDate "2020.10.31"]
[EventType "k.o."]
[SourceTitle "playchess.com"]
[Source "ChessBase"]
[SourceQuality "1"]

{[%evp 9,60,22,22,18,38,29,29,23,22,22,54,60,58,41,39,31,35,36,64,47,39,40,35,13,47,5,38,8,16,-55,-56,-66,0,0,0,-72,-82,-65,0,-305,-297,-483,-462,-501,-492,-702,-672,-1146,-1126,-2338,-2165,-29982,-29982]} 1. e4 c5 2. Nf3 e6 3. g3 b6 4. Bg2 Bb7 5. Nc3 Nf6 6. e5 {B40: Sicilian: 2...e6, Unusual lines.} Ne4 {[#]} 7. O-O $146 ({Predecessor:} 7. Nxe4 Bxe4 8. d3 Bb7 9. O-O Be7 10. d4 O-O 11. Be3 Nc6 12. c4 Nxd4 13. Nxd4 Bxg2 14. Nxe6 dxe6 15. Qxd8 Raxd8 16. Kxg2 {½-½ (39) Saraci,N (2398)-Annaberdiev,M (2518) Sivas 2019}) 7... Nxc3 8. dxc3 {White has an edge.} Be7 9. h4 O-O 10. Bf4 Nc6 11. Qd2 Qc7 12. Rad1 Rad8 13. Rfe1 Qc8 14. Ng5 f6 15. exf6 gxf6 16. Nf3 (16. Nh3 {looks sharper.} d5 17. Bh6 Rf7 18. Nf4 Ne5 19. Qe2) 16... Rf7 (16... e5 $5 {[%cal Re5f4]} 17. Bh6 Rf7 $11) 17. c4 Kh8 18. c3 d6 19. Bh3 (19. Nh2 $11) 19... Ne5 $1 $15 {[%cal Re5f3]} 20. Bxe5 fxe5 ({Stronger than} 20... Bxf3 {[#]} 21. Bd4 $1 $16 {[%mdl 512]}) (20... dxe5 $15 21. Qe3 Qc6 22. Rxd8+ Bxd8) 21. Ng5 $11 Bxg5 $1 22. hxg5 (22. Qxg5 $11 {keeps the balance.} Rg8 23. Qd2) 22... Qc6 $17 {[%csl Gb7][%cal Rc6h1] [#]} 23. Kh2 Rdf8 $40 {[%mdl 128] White needs to defend precisely.} (23... Qf3 $15 24. Rxe5 Qxf2+ 25. Qxf2 Rxf2+ 26. Kg1 Rxb2 27. Rxe6 Bc8) 24. f4 $2 {[%mdl 8192]} (24. Rf1 $1 $11 {and White stays safe.}) 24... exf4 $19 25. g4 $2 (25. Bg2 f3 26. Bh3) 25... Qf3 {[%csl Gf4][%cal Rf3g3]} 26. Rg1 e5 27. Rdf1 (27. b4 $142) 27... Qc6 28. g6 hxg6 29. g5 Rh7 {( -> ...Qc8)} 30. Qd3 Kg7 {Av CentiPawn Loss W=-139/B=-20. Weighted=-103/-17} 0-1

[Event "Speed Chess Championship 2020"]
[Site "Online"]
[Date "2020.11.08"]
[Round "1.20"]
[White "Abdusattorov, Nodirbek"]
[Black "So, Wesley"]
[Result "0-1"]
[WhiteElo "2662"]
[BlackElo "2816"]
[Annotator "RC"]
[PlyCount "116"]
[EventDate "2020.10.31"]
[EventType "k.o."]
[SourceTitle "playchess.com"]
[Source "ChessBase"]
[SourceQuality "1"]
[TimeControl "60+1"]

1. e4 {[%emt 0:00:01]} e5 {[%emt 0:00:02]} 2. Nf3 {[%emt 0:00:00]} Nc6 {[%emt 0:00:03]} 3. d4 {[%emt 0:00:01]} exd4 {[%emt 0:00:01]} 4. Nxd4 {[%emt 0:00:00]} Nf6 {[%emt 0:00:01]} 5. Nxc6 {[%emt 0:00:01]} bxc6 {[%emt 0:00:00]} 6. e5 {[%emt 0:00:00]} Qe7 {[%emt 0:00:00]} 7. Qe2 {[%emt 0:00:01]} Nd5 {[%emt 0:00:01]} 8. h4 {[%emt 0:00:00]} Qe6 {[%emt 0:00:01]} 9. g3 {[%emt 0:00:01]} f6 {[%emt 0:00:02]} 10. exf6 {[%emt 0:00:04]} Qxe2+ {[%emt 0:00:01]} 11. Bxe2 {[%emt 0:00:00]} Nxf6 {[%emt 0:00:01]} 12. c4 {[%emt 0:00:02]} Bb7 {[%emt 0:00:02]} 13. Nc3 {[%emt 0:00:01]} O-O-O {[%emt 0:00:02]} 14. Be3 {[%emt 0:00:02]} Re8 {[%emt 0:00:01]} 15. O-O-O {[%emt 0:00:02]} c5 {[%emt 0:00:02]} 16. Rhe1 {[%emt 0:00:01]} Bc6 {[%emt 0:00:02]} 17. b3 {[%emt 0:00:02]} g6 {[%emt 0:00:02]} 18. Kc2 {[%emt 0:00:04]} d6 {[%emt 0:00:01]} 19. Bc1 {[%emt 0:00:09]} Bg7 {[%emt 0:00:01]} 20. Bb2 {[%emt 0:00:01]} Rhf8 {[%emt 0:00:03]} 21. f4 {[%emt 0:00:02]} Nh5 {[%emt 0:00:04]} 22. Bxh5 {[%emt 0:00:05]} gxh5 {[%emt 0:00:00]} 23. Nd5 {[%emt 0:00:06]} Bxb2 {[%emt 0:00:04]} 24. Kxb2 {[%emt 0:00:00]} Bxd5 {[%emt 0:00:03]} 25. Rxe8+ {[%emt 0:00:01]} Rxe8 {[%emt 0:00:00]} 26. Rxd5 {[%emt 0:00:01]} Re2+ {[%emt 0:00:02]} 27. Ka3 {[%emt 0:00:01]} Re3 {[%emt 0:00:01]} 28. Rg5 {[%emt 0:00:02]} Kb7 {[%emt 0:00:03]} 29. f5 {[%emt 0:00:01]} Rf3 {[%emt 0:00:01]} 30. Rxh5 {[%emt 0:00:02]} Rxg3 {[%emt 0:00:01]} 31. Rxh7 {[%emt 0:00:00]} Rf3 {[%emt 0:00:01]} 32. Rh5 {[%emt 0:00:04]} Rf4 {[%emt 0:00:01]} 33. Kb2 {[%emt 0:00:02]} Rf2+ {[%emt 0:00:01]} 34. Kc3 {[%emt 0:00:00]} Rxa2 {[%emt 0:00:00]} 35. Rg5 {[%emt 0:00:01]} Rh2 {[%emt 0:00:05]} 36. h5 {[%emt 0:00:01]} Kc6 {[%emt 0:00:01]} 37. f6 {[%emt 0:00:01]} Rh3+ {[%emt 0:00:01]} 38. Kd2 {[%emt 0:00:02]} Kd7 {[%emt 0:00:01]} 39. Rg7+ {[%emt 0:00:03]} Ke6 {[%emt 0:00:01]} 40. f7 {[%emt 0:00:03]} Ke7 {[%emt 0:00:01]} 41. Rh7 {[%emt 0:00:01]} Rxb3 {[%emt 0:00:04]} 42. h6 {[%emt 0:00:04]} Rh3 {[%emt 0:00:01]} 43. Ke2 {[%emt 0:00:02]} a5 {[%emt 0:00:01]} 44. Kf2 {[%emt 0:00:01]} a4 {[%emt 0:00:01]} 45. Kg2 {[%emt 0:00:00]} Rh5 {[%emt 0:00:01]} 46. f8=Q+ {[%emt 0:00:06]} Kxf8 {[%emt 0:00:01]} 47. Rxc7 {[%emt 0:00:00]} Rxh6 {[%emt 0:00:03]} 48. Ra7 {[%emt 0:00:00]} Rh4 {[%emt 0:00:02]} 49. Rxa4 {[%emt 0:00:01]} Ke7 {[%emt 0:00:01]} 50. Kf3 {[%emt 0:00:02]} Ke6 {[%emt 0:00:01]} 51. Ke3 {[%emt 0:00:03]} Rd4 {[%emt 0:00:02]} 52. Ke2 {[%emt 0:00:03]} Kf5 {[%emt 0:00:01]} 53. Ke3 {[%emt 0:00:02]} Ke5 {[%emt 0:00:00]} 54. Ke2 {[%emt 0:00:03]} Ke6 {[%emt 0:00:03]} 55. Ke3 {[%emt 0:00:01]} Ke5 {[%emt 0:00:01]} 56. Ke2 {[%emt 0:00:01]} d5 {[%emt 0:00:00]} 57. Ra5 {[%emt 0:00:09]} Rxc4 {[%emt 0:00:02]} 58. Kd3 {[%emt 0:00:00]} Rd4+ {[%emt 0:00:03]} 0-1